Chẩn đoán và điều trị rong kinh rong huyết do quá sản nội mạc tử cung

Quyển sách này không chỉ cung cấp những kiến thức cơ bản về cơ chế bệnh sinh của rong kinh và rong huyết do quá sản nội mạc tử cung mà còn đi sâu vào các phương pháp điều trị hiện đại và các quan điểm mới nhất trong lĩnh vực này. Đây là t...

ver descrição completa

Na minha lista:
Detalhes bibliográficos
Autor principal: Nguyễn Ngọc Minh
Formato: Livro
Idioma:Vietnamese
Publicado em: H. Y Học 2009
Assuntos:
Tags: Adicionar Tag
Sem tags, seja o primeiro a adicionar uma tag!
Thư viện lưu trữ: Thư viện Trường Đại học Nam Cần Thơ
LEADER 01316nam a22001937a 4500
001 NCT_4_009228
008 240617b xxu||||| |||| 00| 0 vie d
999 |c 8403  |d 8403 
020 |c 34000 
082 0 4 |2 23rd ed.  |a 618.1  |b M312 
100 1 |a Nguyễn Ngọc Minh 
245 1 0 |a Chẩn đoán và điều trị rong kinh rong huyết do quá sản nội mạc tử cung   |c Nguyễn Ngọc Minh 
260 |a H.  |b Y Học  |c 2009 
300 |a 151 tr.  |b minh họa  |c 21cm 
520 3 |a Quyển sách này không chỉ cung cấp những kiến thức cơ bản về cơ chế bệnh sinh của rong kinh và rong huyết do quá sản nội mạc tử cung mà còn đi sâu vào các phương pháp điều trị hiện đại và các quan điểm mới nhất trong lĩnh vực này. Đây là tài liệu hữu ích cho các chuyên gia y tế, sinh viên y khoa và những người quan tâm đến sự phát triển và điều trị của hai bệnh lý này. 
653 |a Y Đa khoa 
942 |2 ddc  |c BK 
952 |0 0  |1 0  |2 ddc  |4 0  |6 618_100000000000000_M312  |7 0  |9 29001  |a 000001  |b 000001  |d 2024-06-17  |o 618.1 M312  |p MD.22434  |r 2024-06-17  |v 34000.00  |w 2024-06-17  |y BK 
980 |a Thư viện Trường Đại học Nam Cần Thơ